LDR 00837naa#a2200169#i#450# 001 RU\\bibl\121646 005 20260630044629.2 011 ## _a2073-0454 100 ## _a20251219b2025####ek#y0rusy0150####ca 102 ## _aRU 200 1# _aСовременные угрозы, исходящие от институциональной коррупции:теория и методология их локализации _eЖурнальная статья 210 1# _aМосква _cМосковский университет МВД России имени В.Я. Кикотя _d2025 215 ## _a6 с. 608 ## _aЖурнальная статья _2local 675 ## _aЭкономика. Народное хозяйство. Экономические науки. 33 _z 700 #1 _aНаумов _gЮрий Геннадьевич 856 4# _amosumvd.editorum.ru _u